Statystyki dla Jaki jest typowy prezent na Dzień Kobiet

Kliknij tutaj aby rozwiązać quiz!

Ogólne statystyki

  • Ten quiz został rozwiązany 33 razy
  • Średni wynik to 2 z 5

Statystyki odpowiedzi

Odpowiedź% Poprawnych
Kwiaty
97%
Czekoladki
70%
Perfumy
40%
Alkohole
10%
Książki
7%

Rozkład punktacji

Percentyl według liczby udzielonych odpowiedzi

Procent ludzi z każdym wynikiem

Twoja historia wyników

Nie rozwiązałeś tego quizu